logo

PASAJE HISTORICO DE MADRID (Record no. 57977)

MARC details
000 -CABECERA
campo de control de longitud fija 00410nam a2200181Ia 4500
001 - NÚMERO DE CONTROL
campo de control 28164
005 - FECHA Y HORA DE LA ÚLTIMA TRANSACCIÓN
campo de control 20260407085057.0
008 - CÓDIGOS DE INFORMACIÓN DE LONGITUD FIJA
campo de control de longitud fija 260115s9999 xx 000 0 und d
010 ## - NÚMERO DE CONTROL DE LA BIBLIOTECA DEL CONGRESO
Número de control de LC 57977
035 ## - NÚMERO DE CONTROL DEL SISTEMA
Número de control de sistema 18435
090 ## - LOCALMENTE ASIGNADO TIPO-LC NÚMERO DE CLASIFICACIÓN (OCLC); NÚMERO DE CLASIFICACIÓN LOCAL (RLIN)
Número de clasificación (OCLC) (R) ; Numero de clasificación CALL (RLIN) (NR) 94(460.27)
100 ## - PUNTO DE ACCESO PRINCIPAL - NOMBRE DE PERSONA
Nombre de persona OLIVARES PRIETO ANGEL J
245 #0 - MENCIÓN DE TÍTULO
Título PASAJE HISTORICO DE MADRID
260 ## - PUBLICACIÓN, DISTRIBUCIÓN, ETC. (PIE DE IMPRENTA)
Nombre del editor distribuidor etc. LA LIBRERIA
Fecha de publicación distribución etc. 2002
630 ## - PUNTO DE ACCESO ADICIONAL DE MATERIA--TÍTULO UNIFORME
Título uniforme HISTORIA
650 ## - PUNTO DE ACCESO ADICIONAL DE MATERIA--TÉRMINO DE MATERIA
Término de materia o nombre geográfico como elemento inicial MADRID
942 ## - ELEMENTOS DE PUNTO DE ACCESO ADICIONAL (KOHA)
Tipo de ítem Koha Monografías
Holdings
Estado de retiro Estado de pérdida Estado dañado No para préstamo Código de colección Localización permanente Ubicación/localización actual Ubicación en estantería Fecha de adquisición Enumeración/cronología de publicación seriada Número de inventario Número de registro Total de préstamos Signatura topográfica completa Código de barras Fecha visto por última vez Número de copia Precio válido a partir de Tipo de ítem Koha Nota pública
          Servicio de Estudios Históricos Servicio de Estudios Históricos   29/03/2003 94(460.27) 24880 24880   18435 FH_28164 05/02/2026 1 05/02/2026 Monografías 21 CM, 352 PG, 11,09€ MADRID